Normal view MARC view
  • Querales, Marcel

Entry Nombre Personal

Number of records used in: 1

001 - NUMERO DE CONTROL

  • campo de control: 48584

003 - IDENTIFICADOR DE NUMERO DE CONTROL

  • campo de control: UPN

005 - FECHA Y HORA DE LA ÜLTIMA TRANSACCIÓN

  • campo de control: 20230512122258.0

008 - DATOS DE LONGITUD FIJA

  • campo de control de longitud fija: 230328|| aca||aabn | a|a d

040 ## - FUENTE DE CATALOGACIÓN

  • Agencia original de catalogación: MX-MxUPN
  • Lenguaje de catalogación: spa
  • Agencia de transcripción: MX-MxUPN

100 1# - ENCABEZAMIENTO - NOMBRE PERSONAL

  • Nombre personal: Querales, Marcel

670 ## - FUENTE EN LA QUE SE LOCALIZARON DATOS

  • Cita de la fuente: En la obra: Qué comemos los venezolanos, 2004:
  • Información localizada: portada (Marcel Querales, ilustraciones)

902 ## - CATALOGADOR

  • Catalogador: NDAF/120523